Name As Many Music Instruments As You Can - Statistics

General Stats
  • This quiz has been taken 501 times
  • The average score is 21 of 31
Answer Stats
Hint Answer % Correct
Strings Violin
94%
Woodwind Bass Flute
93%
Woodwind Flute
93%
Brass Trumpet
92%
Strings Double Bass
87%
Strings Cello
84%
Woodwind Clarinet
84%
Brass Bass Trombone
83%
Woodwind Bass Clarinet
82%
Strings Bass Guitar
82%
Strings Guitar
82%
Brass Trombone
82%
Strings Viola
82%
Woodwind Alto Saxophone
81%
Woodwind Tenor Saxophone
81%
Woodwind Baritone Saxophone
80%
Woodwind Soprano Saxophone
79%
Brass Tuba
78%
Other Piano
76%
Brass French Horn
75%
Woodwind Oboe
70%
Strings Harp
65%
Woodwind Piccolo
51%
Brass Tenor Horn
38%
Brass Euphonium
37%
Brass Baritone
32%
Other Organ
32%
Brass Cornet
31%
Brass Soprano Cornet
31%
Woodwind Basson
19%
Brass Flugel
17%
No matching quizzes found
Score Distribution
Percent of People with Each Score
Percentile by Number Answered
Your Score History
You have not taken this quiz